000 00716cam a2200217 4500
001 WB3745-05
008 011128n2001 000 0 eng u
035 _a(Sirsi) u115783
245 _aDownturn bites
260 _c2001
490 _aBuilding
_v266(8211) 23 November 2001, 11(1)
520 _aA regional forecast predicts that workloads will continue to fall with more projects put on hold and jobs cut as the economic downturn continues to affect the construction industry.
590 _aWB
650 _aCONSTRUCTION SECTOR
650 _aWORKLOADS
650 _aECONOMIC DECLINE
650 _aLONDON
650 _aSOUTH EAST ENGLAND
690 _aBUILT ENVIRONMENT-CONSTRUCTION MARKET
942 _n0
999 _c68965
_d68965